[Event "Challenge"]
[Site "http://www.queenalice.com/game.php?id=622465"]
[Date "2009.7.21"]
[Round "-"]
[White "knight401"]
[Black "Kingkila"]
[Result "0-1"]
[WhiteElo "1507"]
[BlackElo "1818"]

1. e4 d5 2. exd5 Qxd5 3. Nc3 Qc5 4. Be2 e5 5. Nf3 Bg4 6. d3 Nc6 7. O-O O-O-O 8.
a4 Bd6 9. Ne4 Qd5 10. c4 Qe6 11. Nfg5 Qf5 12. Bxg4 g6 0-1

[Event "Challenge"]
[Site "http://www.queenalice.com/game.php?id=622466"]
[Date "2009.7.21"]
[Round "-"]
[White "Kingkila"]
[Black "knight401"]
[Result "1-0"]
[WhiteElo "1801"]
[BlackElo "1638"]

1. e4 e5 2. Bc4 Nc6 3. Qf3 Nf6 4. Ne2 d6 5. h3 Be7 6. d3 O-O 7. Bd2 Re8 8. Qg3
Nh5 9. Qf3 g6 10. Qxf7+ Kh8 11. Bh6 Bg5 12. Bxg5 1-0

[Event "Challenge"]
[Site "http://www.queenalice.com/game.php?id=622471"]
[Date "2009.7.21"]
[Round "-"]
[White "knight401"]
[Black "serrameira"]
[Result "0-1"]
[WhiteElo "1295"]
[BlackElo "1768"]

1. e4 e5 2. Nf3 Nf6 3. d3 Nc6 4. Be2 Bc5 5. h3 h6 6. Nbd2 d5 7. O-O dxe4 8. dxe4
a6 9. c3 O-O 10. Qc2 Re8 11. Re1 Ba7 12. Nf1 Re7 13. Ng3 b5 14. Nh2 Qe8 15. Bd3
Be6 16. Qe2 Rd8 0-1

[Event "Challenge"]
[Site "http://www.queenalice.com/game.php?id=622472"]
[Date "2009.7.21"]
[Round "-"]
[White "serrameira"]
[Black "knight401"]
[Result "1-0"]
[WhiteElo "1770"]
[BlackElo "1293"]

1. e4 e5 2. Nf3 Nc6 3. Bc4 Nf6 4. Ng5 d5 5. exd5 Na5 6. Bb5+ c6 7. dxc6 bxc6 8.
Be2 h6 9. Nf3 e4 10. Ne5 Qc7 11. Nc4 Bd6 12. Nxd6+ Qxd6 13. Nc3 O-O 14. O-O Bf5
15. d3 exd3 16. Bxd3 Ng4 17. g3 1-0

[Event "Challenge"]
[Site "http://www.queenalice.com/game.php?id=622479"]
[Date "2009.7.21"]
[Round "-"]
[White "knight401"]
[Black "fkaugusto"]
[Result "0-1"]
[WhiteElo "1737"]
[BlackElo "1967"]

1. e4 c5 2. Nf3 Nc6 3. d3 g6 4. Be2 Bg7 5. O-O e6 6. Nbd2 d5 7. c3 e5 8. exd5
Qxd5 9. Re1 Nge7 10. Nf1 O-O 11. Qc2 Nf5 12. h3 a6 13. Be3 b6 14. N3d2 Bb7 15.
Nc4 Nb4 16. Bf3 Qxf3 17. gxf3 Nxc2 18. Nxb6 Nxe1 19. Rxe1 Rad8 20. Bxc5 Rfe8 21.
Be3 Rxd3 0-1

[Event "Challenge"]
[Site "http://www.queenalice.com/game.php?id=622480"]
[Date "2009.7.21"]
[Round "-"]
[White "fkaugusto"]
[Black "knight401"]
[Result "1-0"]
[WhiteElo "1974"]
[BlackElo "1721"]

1. e4 e5 2. Nf3 Nc6 3. Bb5 Bd6 4. c3 a6 5. Ba4 b5 6. Bc2 Nce7 7. d4 Ng6 8. O-O
c6 9. Re1 Qc7 10. Nbd2 Be7 11. Nf1 Bb7 12. Ng3 O-O-O 13. b4 Nf6 14. Nf5 Bf8 15.
Ng5 d6 16. Nxf7 Qxf7 17. a4 Ne7 18. Qf3 g6 19. Nxe7+ Qxe7 20. axb5 axb5 21. Be3
Bg7 22. dxe5 dxe5 23. Bb3 Rhf8 24. Qh3+ Kc7 25. Bc5 Qe8 26. Qe3 Ng4 27. Bb6+ Kc8
28. Qh3 Rxf2 29. Qxg4+ Kb8 30. Bxd8 1-0

[Event "Challenge"]
[Site "http://www.queenalice.com/game.php?id=622481"]
[Date "2009.7.21"]
[Round "-"]
[White "knight401"]
[Black "SirKnight"]
[Result "0-1"]
[WhiteElo "1567"]
[BlackElo "2025"]

1. e4 e5 2. Nf3 Nc6 3. Be2 Nf6 4. d3 Be7 5. Nbd2 d5 6. O-O O-O 7. c3 h6 8. h3
dxe4 9. dxe4 Nh7 10. Qc2 Be6 11. Re1 f5 12. Bc4 Bxc4 13. Nxc4 fxe4 14. Qxe4 Ng5
15. Nxg5 Bxg5 0-1

[Event "Challenge"]
[Site "http://www.queenalice.com/game.php?id=622482"]
[Date "2009.7.21"]
[Round "-"]
[White "SirKnight"]
[Black "knight401"]
[Result "1-0"]
[WhiteElo "2022"]
[BlackElo "1693"]

1. e4 e5 2. Nf3 Nc6 3. d4 exd4 4. Bc4 Qf6 5. O-O d6 6. e5 dxe5 7. Re1 h6 8. Nxd4
Bc5 9. Be3 Nge7 10. Nb5 Bxe3 11. Nxc7+ Kf8 12. fxe3 e4 13. Rf1 1-0

[Event "Challenge"]
[Site "http://www.queenalice.com/game.php?id=622486"]
[Date "2009.7.21"]
[Round "-"]
[White "knight401"]
[Black "frankcasadio"]
[Result "0-1"]
[WhiteElo "1642"]
[BlackElo "1934"]

1. e4 e5 2. Nf3 Nc6 3. Be2 Nf6 4. d3 Bc5 5. h3 d5 6. Nbd2 dxe4 7. dxe4 a6 8. O-O
b5 9. c3 h6 10. Qc2 Nh5 11. Nxe5 Ng3 0-1

[Event "Challenge"]
[Site "http://www.queenalice.com/game.php?id=622487"]
[Date "2009.7.21"]
[Round "-"]
[White "frankcasadio"]
[Black "knight401"]
[Result "1-0"]
[WhiteElo "1934"]
[BlackElo "1456"]

1. e4 e5 2. Nf3 Nc6 3. Bc4 Nf6 4. Ng5 d5 5. exd5 Na5 6. Bb5+ c6 7. dxc6 bxc6 8.
Qf3 Qd5 9. Qxd5 Nxd5 10. Bd3 h6 11. Ne4 Be7 12. Nbc3 O-O 13. Nxd5 1-0

[Event "Challenge"]
[Site "http://www.queenalice.com/game.php?id=622500"]
[Date "2009.7.21"]
[Round "-"]
[White "knight401"]
[Black "gomonkey"]
[Result "0-1"]
[WhiteElo "1615"]
[BlackElo "1700"]

1. e4 e5 2. Nf3 d6 3. Be2 Nf6 4. d3 Nc6 5. Nbd2 Be6 6. Nf1 h6 7. Ne3 d5 8. Nd2
h5 9. h3 g5 10. g4 h4 11. f3 d4 12. Nf5 Bxf5 13. exf5 Nd5 14. Ne4 Bb4+ 15. Kf2
Qe7 16. Nxg5 Ne3 17. Qg1 Qxg5 0-1

[Event "Challenge"]
[Site "http://www.queenalice.com/game.php?id=622501"]
[Date "2009.7.21"]
[Round "-"]
[White "gomonkey"]
[Black "knight401"]
[Result "1-0"]
[WhiteElo "1713"]
[BlackElo "1591"]

1. e4 e5 2. Nf3 Nc6 3. a3 Nf6 4. d3 Ne7 5. c4 Ng6 6. Bg5 h6 7. Bh4 Nxh4 8. Nxh4
Nxe4 9. Qg4 Nf6 10. Qg3 d6 11. Nc3 Bd7 12. Be2 c6 13. Bf3 Be6 14. O-O Qc7 15. b4
O-O-O 16. Rfe1 d5 17. Rxe5 Bd6 18. Rae1 Bxe5 19. Rxe5 1-0

[Event "Challenge"]
[Site "http://www.queenalice.com/game.php?id=622502"]
[Date "2009.7.21"]
[Round "-"]
[White "knight401"]
[Black "adsymil"]
[Result "0-1"]
[WhiteElo "1629"]
[BlackElo "1688"]

1. e4 e5 2. Nf3 d6 3. Be2 Be6 4. d3 Be7 5. Nbd2 Nd7 6. Nf1 c6 7. Ng3 d5 8. c3 a6
9. Qc2 b5 10. h3 a5 11. a3 Rc8 12. O-O c5 13. Bd2 d4 14. Nh2 Ngf6 15. Qd1 O-O
16. Bg5 Qb6 17. Nf5 Bxf5 18. exf5 Qd6 19. Bh4 Nd5 20. Qc2 Bxh4 0-1

[Event "Challenge"]
[Site "http://www.queenalice.com/game.php?id=622529"]
[Date "2009.7.21"]
[Round "-"]
[White "fkaugusto"]
[Black "knight401"]
[Result "1-0"]
[WhiteElo "1982"]
[BlackElo "1329"]

1. e4 e5 2. Nf3 Nc6 3. Bb5 a6 4. Ba4 d6 5. c3 Bd7 6. d4 b5 7. Bc2 Be7 8. O-O Nf6
9. Re1 O-O 10. Nbd2 Re8 11. Nf1 h6 12. Ng3 a5 13. a3 b4 14. d5 Na7 15. c4 Nc8
16. axb4 c5 17. b5 Nh7 18. Bd2 Bg5 19. Nxg5 1-0